The magician: (Record no. 7056)

MARC details
000 -LEADER
fixed length control field 00728nam a22001817a 4500
003 - CONTROL NUMBER IDENTIFIER
control field OSt
005 - DATE AND TIME OF LATEST TRANSACTION
control field 20251212015603.0
008 - FIXED-LENGTH DATA ELEMENTS--GENERAL INFORMATION
fixed length control field 251212b |||||||| |||| 00| 0 eng d
020 ## - INTERNATIONAL STANDARD BOOK NUMBER
International Standard Book Number 978-0-385-73728-9
040 ## - CATALOGING SOURCE
Original cataloging agency DWCL - Main Lib
Transcribing agency OC
082 ## - DEWEY DECIMAL CLASSIFICATION NUMBER
Classification number Fic. S428m 2008
100 ## - MAIN ENTRY--PERSONAL NAME
Personal name Scott, Michael
245 ## - TITLE STATEMENT
Title The magician:
Remainder of title the secrets of the immortal Nicholas Flame /
Statement of responsibility, etc. Michael Scott
260 ## - PUBLICATION, DISTRIBUTION, ETC.
Place of publication, distribution, etc. New York:
Name of publisher, distributor, etc. Delacorte Press,
Date of publication, distribution, etc. c2008.
300 ## - PHYSICAL DESCRIPTION
Extent 464 p.:
Other physical details ill.;
Dimensions 20 cm.
520 ## - SUMMARY, ETC.
Expansion of summary note Fifteen year old twins sophie and Josh Newman continue their magical training in Paris with Nicholas Flamel, Scatty and the Comte de Saint-germain, pursued by Doctor Dee and the immortal Niccolo Machiavelli.
942 ## - ADDED ENTRY ELEMENTS (KOHA)
Source of classification or shelving scheme Dewey Decimal Classification
Koha item type Fiction
Call number suffix Fic.
Suppress in OPAC No
952 ## - LOCATION AND ITEM INFORMATION (KOHA)
--
Holdings
Withdrawn status Lost status Source of classification or shelving scheme Damaged status Not for loan Home library Current library Shelving location Source of acquisition Total Checkouts Full call number Barcode Date last seen Copy number Price effective from Koha item type Uniform Resource Identifier
    Dewey Decimal Classification     Junior High School Library Junior High School Library Filipiniana Library Fund   Fic. S428m 2008 JHS- 16067 12/12/2025 c1 12/12/2025 FIC.